Essais de psychologíe sportive / (Record no. 49678)

MARC details
000 -LEADER
campo de control de longitud fija 00536nam a2200169 i 4500
001 - NÚMERO DE CONTROL
campo de control 49678
003 - IDENTIFICADOR DE NÚMERO DE CONTROL
campo de control ES-MaACL
005 - FECHA Y HORA DE LA ÚLTIMA TRANSACCIÓN
campo de control 20230906162037.0
007 - CAMPO FIJO DE DESCRIPCIÓN FÍSICA--INFORMACIÓN GENERAL
campo de control de longitud fija t|
008 - DATOS DE LONGITUD FIJA--INFORMACIÓN GENERAL
campo de control de longitud fija 030721s1913 fr ||||1| fre d
100 1# - ENTRADA PRINCIPAL--NOMBRE DE PERSONA
Nombre de persona Coubertin, Pierre de.
9 (RLIN) 41212
245 10 - MENCIÓN DEL TÍTULO
Título Essais de psychologíe sportive /
Mención de responsabilidad, etc. Pierre de Coubertin ; avec une introduction de Roger Dépagniat.
260 ## - PUBLICACIÓN, DISTRIBUCIÓN, ETC.
Lugar de publicación, distribución, etc. Paris :
Nombre del editor, distribuidor, etc. [s.n.],
Fecha de publicación, distribución, etc. 1913 (
Lugar de fabricación/manufactura Lausane :
Fabricante Imp. Lion Burki)
300 ## - DESCRIPCIÓN FÍSICA
Extensión 264 p. ;
Dimensiones 19 cm.
700 1# - ENTRADA AGREGADA--NOMBRE PERSONAL
Nombre de persona Dépagniat, Roger.
9 (RLIN) 43749
852 ## - LOCALIZACIÓN
Ubicación ES-MaACL
Número de control de estantería F-10348
Holdings
Estatus retirado Estado de pérdida Estado de daño No para préstamo Biblioteca de origen Biblioteca actual Ubicación en estantería Fecha de adquisición Fuente de adquisición Total de préstamos Signatura topográfica completa Código de barras Visto por última vez Precio de reemplazo Tipo de ítem Koha
        Biblioteca del Ateneo de Madrid Biblioteca del Ateneo de Madrid Sala Pecera Planta 2 17/01/2008     F-10348 1052271 23/02/2023 23/02/2023 Libro impreso